Методика изучения, систематика и классификация фитогенных образований и проблематики верхнего докембрия Алтае-Саянской складчатой области

Détails bibliographiques
Collectivité auteur: Сибирский научно-исследовательский институт геологии, геофизики и минерального сырья
Langue:russe
Publié: Новосибирск, [Б. и.], 1978
Sujets:
Format: Livre
KOHA link:https://koha.lib.tpu.ru/cgi-bin/koha/opac-detail.pl?biblionumber=371801

MARC

LEADER 00000nam0a2200000 4500
001 371801
005 20231102012421.0
035 |a (RuTPU)RU\TPU\retro\29211 
090 |a 371801 
100 |a 20221115d1978 k y0rusy50 ca 
101 0 |a rus 
102 |a RU 
105 |a a z 001zy 
200 1 |a Методика изучения, систематика и классификация фитогенных образований и проблематики верхнего докембрия Алтае-Саянской складчатой области  |f Сибирский научно-исследовательский институт геологии, геофизики и минерального сырья 
210 |a Новосибирск  |c [Б. и.]  |d 1978 
215 |a 84 с.  |c ил. 
320 |a Библиогр.: с. 61-64 
606 1 |a Фитостратиграфия  |2 stltpush  |3 (RuTPU)RU\TPU\subj\63986  |9 80916 
606 1 |a Докембрий  |y Сибирь  |2 stltpush  |3 (RuTPU)RU\TPU\subj\72684  |9 86093 
610 1 |a фитодериваты 
610 1 |a распространение 
610 1 |a Алтае-Саянская складчатая область 
610 1 |a верхний докембрий 
675 |a 561  |v 4 
675 |a 551.71/.72(571.1/.5)  |v 4 
712 0 2 |a Сибирский научно-исследовательский институт геологии, геофизики и минерального сырья  |c (Новосибирск)  |2 stltpush  |3 (RuTPU)RU\TPU\col\322  |9 23349 
801 1 |a RU  |b 63413507  |c 20221115 
942 |c BK